00569nam a2200157 4500008004100000020001500041082001600056100001700072245010200089260004900191300003800240440004200278650003200320650003800352650002100390240701b |||||||| |||| 00| 0 eng d a9558708313 a363.34bSTE aSteele, Paul aPhoenix from the ashes?:beconomic policy challenges and opportunities for Post-Tsunami Sri Lanka aColombo:bInstitute of Policy Studies,c2005 a36p.;30 cmbBibliography included aResearch studies:vworking paper no.7 aNATURAL DISASTERS-Sri Lanka aPublic safety-Disasters-Sri Lanka aTsunami disaster